[Event "Guelph Winter Pro Am"]
[Site "Guelph"]
[Date "2010.02.06"]
[Round "2"]
[White "Kryvoshlyk, Yuriy"]
[Black "Plotkin, Victor"]
[Result "0-1"]
[WhiteElo "2136"]
[BlackElo "2362"]
[PlyCount "90"]
[EventDate "2010.02.06"]
[EventType "swiss"]
[EventRounds "5"]
[EventCountry "CAN"]
[SourceTitle "EXT 2011"]
[Source "ChessBase"]
[SourceDate "2010.11.26"]
[SourceVersion "1"]
[SourceVersionDate "2010.11.26"]
[SourceQuality "1"]

1. e4 e5 2. Nf3 Nf6 3. Nxe5 Nxe4 4. Qe2 Qe7 5. Qxe4 d6 6. Bc4 Qxe5 7. Qxe5+ dxe5 8. 0-0 Bd6 9. Nc3 Nc6 10. Nb5 0-0 11. Nxd6 cxd6 12. c3 Re8 13. Be2 Bf5 14. d3 d5 15. Bd2 Rad8 16. Rfe1 f6 17. f4 d4 18. fxe5 Rxe5 19. Bf3 dxc3 20. Bxc3 Rxe1+ 21. Rxe1 Bxd3 22. Bxc6 bxc6 23. Re7 a6 24. Kf2 Bc4 25. g4 Bxa2 26. g5 Rd5 27. gxf6 gxf6 28. Ke3 Rf5 29. Rd7 Bd5 30. Ra7 Rf3+ 31. Kd4 Rf2 32. Kc5 h5 33. h4 Rf4 34. Kd6 Re4 35. Kc5 Rxh4 36. Bxf6 Rg4 37. Kd6 h4 38. Ke5 h3 39. Ra8+ Kh7 40. Kf5 Rg8 41. Ra7+ Kh6 42. Be5 Rg5+ 43. Kf6 Rxe5 44. Kxe5 h2 45. Ra8 Kg7 0-1

[Event "Guelph Winter Pro Am"]
[Site "Guelph"]
[Date "2010.02.06"]
[Round "1"]
[White "Sambuev, Bator"]
[Black "Kryvoshlyk, Yuriy"]
[Result "0-1"]
[WhiteElo "2638"]
[BlackElo "2136"]
[PlyCount "138"]
[EventDate "2010.02.06"]
[EventType "swiss"]
[EventRounds "5"]
[EventCountry "CAN"]
[SourceTitle "EXT 2011"]
[Source "ChessBase"]
[SourceDate "2010.11.26"]
[SourceVersion "1"]
[SourceVersionDate "2010.11.26"]
[SourceQuality "1"]

1. e4 c5 2. Nf3 d6 3. d4 cxd4 4. Nxd4 Nf6 5. Nc3 a6 6. Bc4 e6 7. Bb3 b5 8. Qf3 Bb7 9. 0-0 Nbd7 10. Re1 Nc5 11. Bd5 Qc8 12. b4 Ncd7 13. Bb3 Be7 14. Qg3 0-0 15. Nd5 Nxd5 16. exd5 Bf6 17. dxe6 Bxd4 18. exd7 Qxd7 19. c3 Bf6 20. Bf4 d5 21. Be5 Bxe5 22. Rxe5 Rfe8 23. Rae1 d4 24. cxd4 Kf8 25. h4 Rxe5 26. dxe5 Re8 27. Qf4 Re7 28. Bxf7 Rxf7 29. e6 Qxe6 30. Qb8+ Qc8 31. Qd6+ Kg8 32. f3 h6 33. h5 Rf6 34. Qe7 Kh7 35. Rd1 Bc6 36. Rd4 Qe8 37. Qc5 Qe3+ 38. Kh2 Qg5 39. Qc2+ Qf5 40. Qxf5+ Rxf5 41. Rd6 Rf6 42. Rd8 Rf4 43. Rd6 Rc4 44. a3 Kg8 45. Rd3 Kf7 46. g4 Ke7 47. Kg3 Rc1 48. Kf4 Bd7 49. Re3+ Be6 50. Rd3 Rb1 51. Rc3 Bc4 52. Re3+ Kf6 53. Re5 Rb3 54. Rf5+ Ke6 55. Rc5 Bd5 56. g5 Rxf3+ 57. Kg4 Rxa3 58. Rc7 Ra4 59. Rxg7 Rxb4+ 60. Kg3 hxg5 61. Rxg5 Be4 62. h6 Kf6 63. Rg4 Rb3+ 64. Kf4 Bg6 65. Rg1 a5 66. Rc1 Rb4+ 67. Ke3 a4 68. Rc7 a3 69. Ra7 Ra4 0-1